000 00538nam a22001937a 4500
005 20250207135217.0
008 150304b2003 xxu||||| |||| 00| 0 spa d
041 _aESP
082 _aR 330.03 G791d2
100 _aGreco, Orlando
245 _aDiccionario de economía
260 _aArgentina
_bValleta Ediciones
_c2003
300 _a494 páginas
505 _aContiene disco compacto N° 370
505 _aDisco compacto requiere instalación de aplicación
650 _aECONOMÍA
650 _aDICCIONARIOS
942 _cREF
_2ddc
999 _c12410
_d12410